000 00540nam a2200181Ia 4500
008 151018s9999 xx 000 0 und d
082 _bRBASDV50306
_a891.434
100 _aसुरेश पाटील
245 _aदलित इंडिया
250 _b1
260 _bसंगीता
_c2009
300 _a104
600 _aसुरेश पाटील
630 _aदलित इंडिया
700 _aसुरेश पाटील
730 _aदलित इंडिया
942 _cBOOK
999 _c1049280
_d1049277